MARC

LEADER 00000nam0a2200000 4500
001 48094
005 20231101211129.0
035 |a (RuTPU)RU\TPU\book\50307 
090 |a 48094 
100 |a 20030304d1940 k y0rusy50 ca 
101 0 |a rus 
102 |a RU 
105 |a a j 001zy 
200 1 |a Структурная геология  |e учебное пособие для вузов  |f М. А. Усов 
210 |a Москва  |a Ленинград  |c Госгеолиздат  |d 1940 
215 |a 135 с.  |c ил. 
320 |a Библиогр.: с. 128-133 
606 1 |a Геология структурная  |2 stltpush  |3 (RuTPU)RU\TPU\subj\6122  |9 34080 
610 1 |a земная кора 
610 1 |a пликативные структуры 
610 1 |a дизъюнктивные структуры 
610 1 |a горные породы 
610 1 |a трещиноватость 
610 1 |a тектогенезис 
610 1 |a геотектоника 
610 1 |a учебные пособия 
610 1 |a труды учёных ТПУ 
610 1 |a коллекция ТПУ 
675 |a 551.243  |v 3 
700 1 |a Усов  |b М. А.  |c российский геолог  |c профессор Томского технологического института  |f 1883-1939  |g Михаил Антонович  |2 stltpush  |3 (RuTPU)RU\TPU\pers\1941 
801 1 |a RU  |b 63413507  |c 20030304  |g PSBO 
801 2 |a RU  |b 63413507  |c 20200206  |g PSBO 
942 |c BK